000 00683nam a22001577a 4500
003 OSt
005 20151112150533.0
008 151112b xxu||||| |||| 00| 0 eng d
040 _cRUA
082 _aFOR LEY 2008 B135 Or.1
100 _93614
_aLEY, KIMSY.
245 _aImpact of wild asian elephant conservation on local community livelihood in koh kong province, ផលប៉ះពាល់នៃការអភិរក្សសត្តវដំរីព្រៃទៅលើជីវភាពសហគមន៍មូលដ្ឋាន ក្នុង ខេត្តកោះកុង
260 _aPhnom Penh
_bRUA
_c2008
300 _axii; 53p.
_bill.
_c29cm.
942 _2ddc
_cFOR
999 _c3365
_d3365